Statistiken für Größte Städte Australiens

Klicken Sie hier um das Quiz zu spielen!

Allgemein

  • Dieses Quiz wurde 1.080 mal gespielt
  • Das Durchschnittsergebnis liegt bei 8 aus 22

Antwortstatistiken

BevölkerungStadt% Korrekt
5'131'326Sydney
99%
4'850'740Melbourne
92%
2'050'138Perth
91%
447'457Canberra / Queanbeyan
90%
2'408'223Brisbane
74%
1'313'927Adelaide
72%
146'612Darwin
53%
226'884Hobart
36%
165'925Cairns
31%
693'321Gold Coast / Tweed Heads
30%
491'183Newcastle / Maitland
27%
195'346Townsville
19%
299'203Wollongong
16%
375'399Sunshine Coast
13%
260'138Geelong
13%
90'427Rockhampton
13%
91'788Mackay
12%
103'481Ballarat
10%
145'631Toowoomba
9%
97'096Bendigo
8%
91'923Albury / Wodonga
8%
88'871Launceston
8%

Verteilung der Resultate

Perzentil nach korrekt beantworteten Fragen

Anzahl Personen mit jedem Resultat

Ihre Resultats-Entwicklung

Sie haben dieses Quiz noch nicht gespielt